| 000 | 01096nam0a22002891 4500 | ||
|---|---|---|---|
| 001 | RU\INFOCOMM_322\NLR\5000119597 | ||
| 005 | 20250613105223.0 | ||
| 035 | _a(NLR Aleph) 009521495 | ||
| 090 |
_a8829961 _c8829961 |
||
| 100 | _a20121227d1974 |||y0rusy50 ca | ||
| 101 | 0 | _aeng | |
| 102 | _aRU | ||
| 105 | _ay z ||||| | ||
| 200 | 1 |
_aThe stability of ettringite in cement systems _fZ. M. Larionova, Cand. Techn. Sci. ... _gThe VI Intern. congr. on the chemistry of cement, Moscow, Sept., 1974 |
|
| 210 |
_aM. _d1974 |
||
| 215 |
_a14 с. _cил. _d21 см |
||
| 300 | _aВ вып. дан.: З. М. Ларионова. Устойчивость эттрингита в цементных системах. Доп. докл. | ||
| 620 | _aМосква | ||
| 686 |
_aТх-т474 _2rubbk |
||
| 686 |
_a[Л455-106.5] _2rubbk |
||
| 700 | 1 |
_aLarionova _bZ. M. _gZoja Michajlovna |
|
| 712 | 1 | 2 |
_aInternational symposium on the chemistry of cement _d6 _eMoscow _f1974 _4570 |
| 801 | 1 |
_aRU _bInfocomm _c20121227 |
|
| 801 | 0 |
_aRU _bINFOCOMM _gPSBO |
|
| 852 |
_aNLR _jТ45 Д-4/327 |
||
| 942 | _cBOOK | ||
| 980 | _aNB | ||